000 00963nam a2200265Ia 4500
003 OSt
005 20220923220930.0
006 a|||||r|||| 00| 0
007 ta
008 220922b |||||||| |||| 00| 0 hin d
024 _a192,416
037 _cTextual
040 _aARTS
_cARTS
_bhin
041 _2hin
_ahin
082 _aO152:P, J6
100 _aसिन्हा, सावित्री, संपा.
245 0 _aअनुसन्धान का स्वरूप
246 _aAnusandhān kā svarūpa
260 _aदिल्ली
_b आत्माराम एण्ड संस
_c1954
300 _a151पृ.
_ccm.
490 _aहिन्दी अनुसन्धान परिषद ग्रंथ माला; 3
650 _aहिन्दी साहित्य
_9156264
942 _hO152:P, J6
_cTEXL
_2CC
999 _c345036
_d345036